[Event "HUN-chT2 Asztalos 2324"]
[Site "Hungary"]
[Date "2024.04.21"]
[Round "8.9"]
[White "Papp, Csaba"]
[Black "Szijarto, Andras"]
[Result "0-1"]
[WhiteElo "2006"]
[BlackElo "2072"]
[PlyCount "46"]
[EventDate "2023.10.08"]
[EventType "team-tourn"]
[EventRounds "9"]
[EventCountry "HUN"]
[SourceTitle "EXT 2025"]
[Source "ChessBase"]
[SourceDate "2024.10.14"]
[SourceVersion "1"]
[SourceVersionDate "2024.10.14"]
[SourceQuality "1"]
[WhiteTeam "Decs 1990"]
[BlackTeam "Nagyatad"]
[WhiteTeamCountry "HUN"]
[BlackTeamCountry "HUN"]

1. e4 Nf6 2. Bc4 Nxe4 3. Bxf7+ Kxf7 4. Qh5+ g6 5. Qd5+ e6 6. Qxe4 Bg7 7. Nf3 Rf8 8. h4 d5 9. Qe3 e5 10. d3 Kg8 11. h5 Bf5 12. hxg6 Bxg6 13. Qg5 Nc6 14. Qxd8 Raxd8 15. 0-0 e4 16. dxe4 Bxe4 17. Ng5 Nd4 18. Nc3 Bf5 19. Bf4 h6 20. Nf3 Nxf3+ 21. gxf3 Bh3 22. Bxc7 Rd7 23. Rfd1 Rxc7 0-1

[Event "HUN-chT2 Asztalos 2324"]
[Site "Hungary"]
[Date "2024.02.18"]
[Round "4.7"]
[White "Grunwald, Geza"]
[Black "Szijarto, Andras"]
[Result "0-1"]
[WhiteElo "1679"]
[BlackElo "2056"]
[PlyCount "98"]
[EventDate "2023.10.08"]
[EventType "team-tourn"]
[EventRounds "9"]
[EventCountry "HUN"]
[SourceTitle "EXT 2025"]
[Source "ChessBase"]
[SourceDate "2024.10.14"]
[SourceVersion "1"]
[SourceVersionDate "2024.10.14"]
[SourceQuality "1"]
[WhiteTeam "Komlo"]
[BlackTeam "Nagyatad"]
[WhiteTeamCountry "HUN"]
[BlackTeamCountry "HUN"]

1. d4 d5 2. c4 e6 3. Nc3 c6 4. e3 Nf6 5. Nf3 Nbd7 6. Bd2 Bd6 7. Bd3 b6 8. Rc1 dxc4 9. Bxc4 Bb7 10. e4 e5 11. Qb3 0-0 12. Ng5 Qe7 13. d5 h6 14. Nf3 b5 15. Be2 Nc5 16. Qc2 cxd5 17. exd5 a6 18. b4 Ncd7 19. a3 Rac8 20. Qb3 Nb6 21. 0-0 Nfxd5 22. Rfd1 Nc4 23. Ne4 Nf4 24. Bxf4 Bxe4 25. Bg3 Qe6 26. h3 Bb8 27. Bxc4 bxc4 28. Qe3 Bxf3 29. Qxf3 f6 30. Qd5 Qxd5 31. Rxd5 Rc6 32. f3 Ba7+ 33. Bf2 Bxf2+ 34. Kxf2 Rfc8 35. Rd7 c3 36. Rc2 Kh7 37. h4 h5 38. Ke3 Kg6 39. g3 f5 40. Rd1 Kf6 41. Rdc1 Ke6 42. Kd3 Kd5 43. Ke3 Rc4 44. Rd1+ Kc6 45. f4 exf4+ 46. gxf4 Kb5 47. Rd5+ Ka4 48. Rxf5 Kb3 49. Kd3 Rd8+ 0-1

[Event "HUN-chT2 Asztalos 2324"]
[Site "Hungary"]
[Date "2023.12.10"]
[Round "3.7"]
[White "Szijarto, Andras"]
[Black "Horvath, Gergely1"]
[Result "0-1"]
[WhiteElo "2071"]
[BlackElo "1871"]
[PlyCount "28"]
[EventDate "2023.10.08"]
[EventType "team-tourn"]
[EventRounds "9"]
[EventCountry "HUN"]
[SourceTitle "EXT 2025"]
[Source "ChessBase"]
[SourceDate "2024.10.14"]
[SourceVersion "1"]
[SourceVersionDate "2024.10.14"]
[SourceQuality "1"]
[WhiteTeam "Nagyatad"]
[BlackTeam "Szentlorinc"]
[WhiteTeamCountry "HUN"]
[BlackTeamCountry "HUN"]

1. d4 Nf6 2. Bf4 c5 3. c3 Qb6 4. Qc2 cxd4 5. cxd4 Nc6 6. e3 d6 7. Nd2 e5 8. dxe5 dxe5 9. Bg3 Bb4 10. Ngf3 Be6 11. Nxe5 Bxd2+ 12. Kxd2 Qa5+ 13. b4 Nxb4 14. Nc4 Qd5+ 0-1

[Event "HUN-chT2 Asztalos 2223"]
[Site "Hungary"]
[Date "2023.04.23"]
[Round "9.7"]
[White "Szijarto, Andras"]
[Black "Csordas, Peter"]
[Result "1-0"]
[WhiteElo "2084"]
[BlackElo "1845"]
[PlyCount "95"]
[EventDate "2022.11.20"]
[EventType "team-tourn"]
[EventRounds "10"]
[EventCountry "HUN"]
[SourceTitle "EXT 2025"]
[Source "ChessBase"]
[SourceDate "2024.10.14"]
[SourceVersion "1"]
[SourceVersionDate "2024.10.14"]
[SourceQuality "1"]
[WhiteTeam "Nagyatad"]
[BlackTeam "Kiraly Sakk"]
[WhiteTeamCountry "HUN"]
[BlackTeamCountry "HUN"]

1. d4 Nf6 2. Bf4 e6 3. Nf3 d5 4. e3 Nbd7 5. Nbd2 Be7 6. Bd3 Nh5 7. Bg3 Nxg3 8. hxg3 h6 9. Ne5 Nxe5 10. dxe5 c5 11. Qg4 g5 12. c4 Qb6 13. 0-0-0 Bd7 14. cxd5 exd5 15. Bf5 Be6 16. Nb1 0-0-0 17. Nc3 Kb8 18. Qf3 d4 19. Na4 Qc7 20. Bxe6 fxe6 21. exd4 cxd4+ 22. Kb1 Qxe5 23. Rhe1 Qd6 24. Qe4 Rhe8 25. Qxe6 Qxe6 26. Rxe6 b6 27. Rde1 Rd7 28. b3 Kc7 29. Rxh6 Red8 30. Rh7 Ba3 31. Rxd7+ Rxd7 32. Rd1 Kd8 33. Nb2 Ke7 34. Nc4 Bb4 35. Kc2 Kf6 36. Kd3 Bc3 37. Nd2 Kf5 38. Ne4 b5 39. Rh1 b4 40. Rh8 Rg7 41. Rb8 g4 42. Rb5+ Ke6 43. Rg5 Rh7 44. Rxg4 Rh1 45. Nxc3 bxc3 46. Rxd4 Ke5 47. f4+ Kf5 48. Kxc3 1-0

[Event "HUN-chT2 Asztalos 2223"]
[Site "Hungary"]
[Date "2023.02.19"]
[Round "6.7"]
[White "Szijarto, Andras"]
[Black "Katona, Peter"]
[Result "1/2-1/2"]
[WhiteElo "2084"]
[BlackElo "1836"]
[PlyCount "70"]
[EventDate "2022.11.20"]
[EventType "team-tourn"]
[EventRounds "10"]
[EventCountry "HUN"]
[SourceTitle "EXT 2025"]
[Source "ChessBase"]
[SourceDate "2024.10.14"]
[SourceVersion "1"]
[SourceVersionDate "2024.10.14"]
[SourceQuality "1"]
[WhiteTeam "Nagyatad"]
[BlackTeam "Karmin"]
[WhiteTeamCountry "HUN"]
[BlackTeamCountry "HUN"]

1. d4 d5 2. Bf4 Bf5 3. Nf3 Nf6 4. e3 e6 5. c4 Bd6 6. Bxd6 cxd6 7. Nc3 dxc4 8. Bxc4 Qb6 9. 0-0 0-0 10. Qe2 d5 11. Bb3 Nbd7 12. Nh4 Bg6 13. Nxg6 hxg6 14. f4 Nh7 15. g4 g5 16. Bc2 g6 17. f5 gxf5 18. gxf5 Ndf6 19. fxe6 fxe6 20. Qd3 Qc7 21. Rf3 g4 22. Rf4 Ng5 23. Raf1 Nh3+ 24. Kg2 Nxf4+ 25. Rxf4 Qg7 26. Qe2 Qh6 27. Nd1 Qh3+ 28. Kg1 g3 29. hxg3 Qxg3+ 30. Qg2 Qxg2+ 31. Kxg2 Rac8 32. Nc3 Rc7 33. Bd3 Rg7+ 34. Kf3 Nd7 35. e4 Nb6 1/2-1/2

[Event "HUN-chT2 Asztalos 1819"]
[Site "Hungary"]
[Date "2019.04.28"]
[Round "9.7"]
[White "Szijarto, Andras"]
[Black "Berczi, Gyula"]
[Result "1-0"]
[WhiteElo "2046"]
[BlackElo "1974"]
[PlyCount "75"]
[EventDate "2018.10.28"]
[EventType "team-tourn"]
[EventRounds "9"]
[EventCountry "HUN"]
[SourceTitle "EXT 2021"]
[Source "ChessBase"]
[SourceDate "2020.10.23"]
[SourceVersion "1"]
[SourceVersionDate "2020.10.23"]
[SourceQuality "1"]
[WhiteTeam "Nagyatad"]
[BlackTeam "Komlo"]
[WhiteTeamCountry "HUN"]
[BlackTeamCountry "HUN"]

1. d4 e6 2. Bf4 d5 3. e3 c5 4. c3 Nc6 5. Nd2 Nf6 6. Ngf3 Be7 7. Bd3 cxd4 8. cxd4 h6 9. h3 Bd6 10. Bxd6 Qxd6 11. 0-0 0-0 12. a3 Bd7 13. b4 a6 14. Nb3 b6 15. Qe2 Bc8 16. Rfc1 Bb7 17. Rc2 e5 18. dxe5 Nxe5 19. Nxe5 Qxe5 20. Rac1 Rfc8 21. Rxc8+ Rxc8 22. Rxc8+ Bxc8 23. Bxa6 Bxa6 24. Qxa6 Qc3 25. Nd4 Qe1+ 26. Qf1 Qc3 27. Nb5 Qb3 28. Qc1 Qd3 29. Nd4 Ne4 30. a4 Nc3 31. a5 bxa5 32. bxa5 Ne2+ 33. Nxe2 Qxe2 34. Qc8+ Kh7 35. a6 Qe1+ 36. Kh2 Qxf2 37. a7 Qxe3 38. Qf5+ 1-0

[Event "HUN-chT2 Asztalos 1819"]
[Site "Hungary"]
[Date "2019.03.31"]
[Round "8.6"]
[White "Szijarto, Andras"]
[Black "Nagy, Imre2"]
[Result "1-0"]
[WhiteElo "2046"]
[BlackElo "1866"]
[PlyCount "69"]
[EventDate "2018.10.28"]
[EventType "team-tourn"]
[EventRounds "9"]
[EventCountry "HUN"]
[SourceTitle "EXT 2021"]
[Source "ChessBase"]
[SourceDate "2020.10.23"]
[SourceVersion "1"]
[SourceVersionDate "2020.10.23"]
[SourceQuality "1"]
[WhiteTeam "Nagyatad"]
[BlackTeam "Szentlorinc"]
[WhiteTeamCountry "HUN"]
[BlackTeamCountry "HUN"]

1. d4 Nf6 2. Bf4 d6 3. Nc3 Bf5 4. f3 h6 5. e4 Bg6 6. Bc4 c6 7. e5 d5 8. Bb3 Ng8 9. Nge2 Nd7 10. 0-0 e6 11. Be3 Bb4 12. f4 Ne7 13. a3 Ba5 14. Ba2 b5 15. g4 Bb6 16. Ng3 f5 17. Qf3 Nf8 18. Nce2 Qc7 19. c3 a5 20. Bb1 Kf7 21. gxf5 Nxf5 22. Nxf5 Bxf5 23. Bxf5 exf5 24. Kf2 Qe7 25. Rg1 Qh4+ 26. Ng3 g6 27. Rg2 Rc8 28. Ke2 Rg8 29. Bf2 Qe7 30. Rag1 Ne6 31. Nxf5 Ng5 32. Rxg5 gxf5 33. Qh5+ Ke6 34. Qxh6+ Kd7 35. Rxg8 1-0

[Event "HUN-chT2 Asztalos 1819"]
[Site "Hungary"]
[Date "2018.11.18"]
[Round "2.6"]
[White "Birkas, Gyorgy"]
[Black "Szijarto, Andras"]
[Result "0-1"]
[WhiteElo "2019"]
[BlackElo "2046"]
[PlyCount "112"]
[EventDate "2018.10.28"]
[EventType "team-tourn"]
[EventRounds "9"]
[EventCountry "HUN"]
[SourceTitle "CBM 189 Extra"]
[Source "ChessBase"]
[SourceDate "2019.05.31"]
[SourceVersion "1"]
[SourceVersionDate "2019.05.31"]
[SourceQuality "1"]
[WhiteTeam "Kaposvar Bastya"]
[BlackTeam "Nagyatad"]
[WhiteTeamCountry "HUN"]
[BlackTeamCountry "HUN"]

1. e4 Nf6 2. e5 Nd5 3. d4 d6 4. c4 Nb6 5. exd6 cxd6 6. Nf3 g6 7. Be3 Bg7 8. Bd3 0-0 9. h3 Nc6 10. a3 d5 11. c5 Nc4 12. Bxc4 dxc4 13. Nc3 Bf5 14. 0-0 Bd3 15. Ne2 e5 16. dxe5 Nxe5 17. Nxe5 Bxe5 18. Qd2 Qf6 19. Ra2 Rfd8 20. f4 Bb1 21. Qe1 Bxa2 22. fxe5 Qxe5 23. Qf2 f5 24. Bd4 Rxd4 25. Nxd4 Qxc5 26. Qe3 Rd8 27. Nxf5 Qxe3+ 28. Nxe3 Rd2 29. Rf2 Rxf2 30. Kxf2 Kf7 31. Nd5 Ke6 32. Nc3 Bb3 33. Ke3 Ke5 34. g3 a6 35. Ne2 Bd1 36. Nc3 Bc2 37. Ne2 Be4 38. Nc3 Bg2 39. h4 Kf5 40. Kf2 Bc6 41. Ke3 Ke5 42. Ne2 b5 43. Nd4 Bd7 44. Nf3+ Kd5 45. Ng5 h5 46. Ne4 Bf5 47. Nc3+ Kc5 48. Ne2 b4 49. Kd2 bxa3 50. bxa3 Bd3 51. Nc3 Kd4 52. a4 a5 53. Nb5+ Ke4 54. Nd6+ Kf3 55. Nb7 Kxg3 56. Ke3 Bc2 0-1

[Event "HUN-chT2 Asztalos 1718"]
[Site "Hungary"]
[Date "2017.10.29"]
[Round "1.8"]
[White "Szijarto, Andras"]
[Black "Balint, Janos"]
[Result "1-0"]
[WhiteElo "2015"]
[BlackElo "1877"]
[PlyCount "53"]
[EventDate "2017.10.29"]
[EventType "team-tourn"]
[EventRounds "9"]
[EventCountry "HUN"]
[SourceTitle "EXT 2021"]
[Source "ChessBase"]
[SourceDate "2020.10.23"]
[SourceVersion "1"]
[SourceVersionDate "2020.10.23"]
[SourceQuality "1"]
[WhiteTeam "Nagyatad"]
[BlackTeam "Kaposvar Bastya"]
[WhiteTeamCountry "HUN"]
[BlackTeamCountry "HUN"]

1. d4 d5 2. Nf3 g6 3. Bf4 Bg7 4. e3 Nf6 5. c4 0-0 6. Nc3 a6 7. cxd5 Nxd5 8. Nxd5 Qxd5 9. Bxc7 Nc6 10. Be2 Bf5 11. 0-0 Rac8 12. Bg3 Rfd8 13. a3 e5 14. dxe5 Qe6 15. Qa4 b5 16. Qxa6 Nd4 17. Bxb5 Nxb5 18. Qxb5 Bd3 19. Qa4 Rc4 20. Qd1 Qc8 21. Re1 Bc2 22. Qe2 Bd3 23. Qd2 Rc2 24. Qb4 Rc4 25. Qb3 Bc2 26. Qa2 Be4 27. Nd4 1-0

[Event "HUN-chT2 Asztalos 1617"]
[Site "Hungary"]
[Date "2017.02.26"]
[Round "9.5"]
[White "Javor, Sandor"]
[Black "Szijarto, Andras"]
[Result "0-1"]
[WhiteElo "2164"]
[BlackElo "2038"]
[PlyCount "40"]
[EventDate "2016.09.25"]
[EventType "team-tourn"]
[EventRounds "11"]
[EventCountry "HUN"]
[SourceTitle "EXT 2021"]
[Source "ChessBase"]
[SourceDate "2020.10.23"]
[SourceVersion "1"]
[SourceVersionDate "2020.10.23"]
[SourceQuality "1"]
[WhiteTeam "Baja"]
[BlackTeam "Nagyatad"]
[WhiteTeamCountry "HUN"]
[BlackTeamCountry "HUN"]

1. d4 Nf6 2. Bg5 Ne4 3. Bh4 g5 4. f3 gxh4 5. fxe4 d5 6. exd5 Qxd5 7. Nc3 Qd6 8. Qd3 Bh6 9. Nf3 Nc6 10. Nb5 Qb4+ 11. c3 Qa5 12. Nxh4 a6 13. Na3 Bg4 14. h3 Bh5 15. Qf5 Bg5 16. Qf2 0-0-0 17. Rd1 Nxd4 18. Rxd4 Rxd4 19. Qxd4 Rd8 20. Qc4 Qe5 0-1

[Event "HUN-chT2 Asztalos 1617"]
[Site "Hungary"]
[Date "2017.01.29"]
[Round "7.5"]
[White "Pais, Nimrod"]
[Black "Szijarto, Andras"]
[Result "1/2-1/2"]
[WhiteElo "1992"]
[BlackElo "2038"]
[PlyCount "57"]
[EventDate "2016.09.25"]
[EventType "team-tourn"]
[EventRounds "11"]
[EventCountry "HUN"]
[SourceTitle "EXT 2021"]
[Source "ChessBase"]
[SourceDate "2020.10.23"]
[SourceVersion "1"]
[SourceVersionDate "2020.10.23"]
[SourceQuality "1"]
[WhiteTeam "Fehervar"]
[BlackTeam "Nagyatad"]
[WhiteTeamCountry "HUN"]
[BlackTeamCountry "HUN"]

1. e4 Nf6 2. e5 Nd5 3. d4 d6 4. c4 Nb6 5. exd6 exd6 6. Nf3 Bg4 7. Be2 c6 8. 0-0 Be7 9. Qc2 0-0 10. Be3 Bf6 11. Nbd2 Re8 12. Bd3 g6 13. h3 Bxf3 14. Nxf3 Na6 15. a3 Nc7 16. Rad1 d5 17. c5 Nd7 18. Rfe1 Ne6 19. Qd2 Bg7 20. b4 b5 21. cxb6 Qxb6 22. Bf1 a5 23. Rb1 f5 24. b5 cxb5 25. Bxb5 Qd6 26. Ne5 f4 27. Nxd7 fxe3 28. fxe3 Re7 29. Ne5 1/2-1/2

[Event "HUN-chT2 Asztalos 1617"]
[Site "Hungary"]
[Date "2016.10.09"]
[Round "2.4"]
[White "Szijarto, Andras"]
[Black "Nogradi, Gabor"]
[Result "1-0"]
[WhiteElo "2038"]
[BlackElo "2025"]
[PlyCount "55"]
[EventDate "2016.09.25"]
[EventType "team-tourn"]
[EventRounds "11"]
[EventCountry "HUN"]
[SourceTitle "EXT 2021"]
[Source "ChessBase"]
[SourceDate "2020.10.23"]
[SourceVersion "1"]
[SourceVersionDate "2020.10.23"]
[SourceQuality "1"]
[WhiteTeam "Nagyatad"]
[BlackTeam "Pecs Karmin"]
[WhiteTeamCountry "HUN"]
[BlackTeamCountry "HUN"]

1. d4 Nf6 2. Bg5 d5 3. Nd2 e6 4. Ngf3 Be7 5. e3 Nbd7 6. Bd3 c5 7. c4 a6 8. a4 b6 9. cxd5 exd5 10. dxc5 bxc5 11. 0-0 Rb8 12. b3 Rb4 13. Qe2 h6 14. Bh4 Qb6 15. e4 g5 16. exd5 gxh4 17. Nc4 Rxc4 18. bxc4 Kd8 19. Nxh4 Re8 20. Nf5 Bf8 21. Qd2 Ne5 22. Rab1 Qc7 23. Qc3 Nfg4 24. f4 Nxd3 25. Qxd3 Bxf5 26. Qxf5 Ne3 27. Qf6+ Be7 28. Qxa6 1-0

[Event "HUN-chT2 Asztalos 1516"]
[Site "Hungary"]
[Date "2016.03.20"]
[Round "9.4"]
[White "Szijarto, Andras"]
[Black "Kadlicsko, Jozsef1"]
[Result "1/2-1/2"]
[WhiteElo "2053"]
[BlackElo "2182"]
[PlyCount "58"]
[EventDate "2015.09.13"]
[EventType "team-tourn"]
[EventRounds "11"]
[EventCountry "HUN"]
[SourceTitle "EXT 2017"]
[Source "ChessBase"]
[SourceDate "2016.10.25"]
[SourceVersion "1"]
[SourceVersionDate "2016.10.25"]
[SourceQuality "1"]
[WhiteTeam "Nagyatad"]
[BlackTeam "Kaposvar Bastya"]
[WhiteTeamCountry "HUN"]
[BlackTeamCountry "HUN"]

1. d4 Nf6 2. Bg5 Ne4 3. Bf4 e6 4. f3 Bd6 5. Bxd6 Nxd6 6. e4 f5 7. e5 Nf7 8. f4 b6 9. Nf3 Bb7 10. Bc4 Qe7 11. c3 Nc6 12. Nbd2 Na5 13. Bd3 0-0 14. Qe2 d6 15. exd6 Qxd6 16. g3 c5 17. dxc5 bxc5 18. 0-0-0 Rab8 19. Rhe1 Rfe8 20. Bxf5 Bd5 21. c4 Qb6 22. b3 Bxf3 23. Nxf3 Nxb3+ 24. axb3 Qxb3 25. Rd2 Qc3+ 26. Rc2 Qa3+ 27. Rb2 Qc3+ 28. Rc2 Qa3+ 29. Rb2 Qc3+ 1/2-1/2

[Event "HUN-chT2 Asztalos 1415"]
[Site "Hungary"]
[Date "2014.12.14"]
[Round "4"]
[White "Szijarto, Andras"]
[Black "Toth, Zsolt"]
[Result "1-0"]
[WhiteElo "2126"]
[BlackElo "1882"]
[PlyCount "61"]
[EventDate "2014.10.12"]
[EventType "team-tourn"]
[EventRounds "9"]
[EventCountry "HUN"]
[SourceTitle "EXT 2016"]
[Source "ChessBase"]
[SourceDate "2015.10.08"]
[SourceVersion "1"]
[SourceVersionDate "2015.10.08"]
[SourceQuality "1"]
[WhiteTeam "Nagyatad"]
[BlackTeam "Pecs Karmin"]
[WhiteTeamCountry "HUN"]
[BlackTeamCountry "HUN"]

1. d4 d5 2. Nf3 Nf6 3. Bf4 Bf5 4. e3 e6 5. c4 Nbd7 6. Qb3 b6 7. Nc3 c6 8. cxd5 exd5 9. Ba6 Nh5 10. Bb7 Nxf4 11. exf4 Rc8 12. Bxc8 Qxc8 13. Qa4 Qc7 14. Ne5 b5 15. Qb3 Nf6 16. Rc1 Qb6 17. Ne2 Qa5+ 18. Nc3 Qb6 19. 0-0 Bd6 20. Ne2 c5 21. Nc3 c4 22. Qxb5+ Qxb5 23. Nxb5 Bb8 24. Rfe1 0-0 25. Nc6 a6 26. Nxb8 axb5 27. Nc6 Bd7 28. Nb4 Be6 29. Re5 Rd8 30. Rce1 Bc8 31. Nxd5 1-0

[Event "HUN-chT2 Asztalos 1415"]
[Site "Hungary"]
[Date "2014.11.16"]
[Round "2"]
[White "Szabo, Kristof"]
[Black "Szijarto, Andras"]
[Result "1/2-1/2"]
[WhiteElo "2064"]
[BlackElo "2126"]
[PlyCount "28"]
[EventDate "2014.10.12"]
[EventType "team-tourn"]
[EventRounds "9"]
[EventCountry "HUN"]
[SourceTitle "EXT 2016"]
[Source "ChessBase"]
[SourceDate "2015.10.08"]
[SourceVersion "1"]
[SourceVersionDate "2015.10.08"]
[SourceQuality "1"]
[WhiteTeam "Fehervar"]
[BlackTeam "Nagyatad"]
[WhiteTeamCountry "HUN"]
[BlackTeamCountry "HUN"]

1. e4 Nf6 2. Nc3 d5 3. exd5 Nxd5 4. Nxd5 Qxd5 5. Qf3 Qxf3 6. Nxf3 Bf5 7. c3 Nd7 8. d4 0-0-0 9. Bc4 f6 10. Nh4 Bg4 11. h3 Nb6 12. Bb3 Bd7 13. Be3 e6 14. 0-0-0 Nd5 1/2-1/2

[Event "HUN-chT2 Asztalos 1213"]
[Site "Hungary"]
[Date "2013.04.21"]
[Round "9.6"]
[White "Szakal, Bela"]
[Black "Szijarto, Andras"]
[Result "0-1"]
[WhiteElo "1792"]
[BlackElo "2100"]
[PlyCount "70"]
[EventDate "2012.09.16"]
[EventType "team-tourn"]
[EventRounds "9"]
[EventCountry "HUN"]
[SourceTitle "EXT 2014"]
[Source "ChessBase"]
[SourceDate "2013.11.20"]
[SourceVersion "1"]
[SourceVersionDate "2013.11.20"]
[SourceQuality "1"]
[WhiteTeam "Szentlorinc"]
[BlackTeam "Nagyatad"]
[WhiteTeamCountry "HUN"]
[BlackTeamCountry "HUN"]

1. d4 Nf6 2. e3 d5 3. f4 e6 4. Bd3 Be7 5. Nf3 b6 6. 0-0 c5 7. c3 0-0 8. Nbd2 Ba6 9. Bxa6 Nxa6 10. Qe2 Nc7 11. Ne5 Ne4 12. Qf3 f6 13. Nc6 Nxd2 14. Bxd2 Qd7 15. Nxe7+ Qxe7 16. Rae1 f5 17. g4 Qh4 18. g5 h6 19. gxh6 Qxh6 20. Re2 Kf7 21. Rg2 Ne8 22. Be1 Nf6 23. dxc5 bxc5 24. c4 Ne4 25. Bc3 Rg8 26. cxd5 exd5 27. Rd1 Rad8 28. Qe2 g5 29. Qb5 gxf4 30. Qb7+ Ke6 31. Qc6+ Rd6 32. Qxd6+ Kxd6 33. Rxg8 f3 34. Be1 Qxe3+ 35. Kh1 f2 0-1

[Event "HUN-chT2 Asztalos 1213"]
[Site "Hungary"]
[Date "2012.10.07"]
[Round "2.8"]
[White "Szijarto, Andras"]
[Black "Varga, Ferenc"]
[Result "1-0"]
[WhiteElo "2100"]
[BlackElo "1979"]
[PlyCount "73"]
[EventDate "2012.09.16"]
[EventType "team-tourn"]
[EventRounds "9"]
[EventCountry "HUN"]
[SourceTitle "EXT 2014"]
[Source "ChessBase"]
[SourceDate "2013.11.20"]
[SourceVersion "1"]
[SourceVersionDate "2013.11.20"]
[SourceQuality "1"]
[WhiteTeam "Nagyatad"]
[BlackTeam "Baja"]
[WhiteTeamCountry "HUN"]
[BlackTeamCountry "HUN"]

1. d4 d5 2. Bf4 Nf6 3. e3 c5 4. c3 Qb6 5. Qc2 Nc6 6. dxc5 Qxc5 7. Nf3 Bg4 8. Nbd2 e6 9. Qa4 Bxf3 10. Nxf3 Bd6 11. Ne5 0-0 12. Nd3 b5 13. Nxc5 bxa4 14. Bxd6 Rfd8 15. Bg3 a3 16. b4 Nh5 17. Ba6 Nxg3 18. hxg3 Rd6 19. Bb7 Rb8 20. Bxc6 Rxc6 21. Kd2 h6 22. Rab1 f6 23. Rhd1 Kf7 24. Rb3 a5 25. bxa5 Rxb3 26. Nxb3 e5 27. Kc2 Ke6 28. Rb1 Kd6 29. Nd2 Kc5 30. Rb7 g5 31. Nb3+ Kd6 32. Rb6 Kc7 33. Rxc6+ Kxc6 34. a6 Kb6 35. Nc5 Ka7 36. Nd7 Kxa6 37. Nxf6 1-0

[Event "HUN-chT2 Asztalos 1112"]
[Site "Hungary"]
[Date "2012.01.29"]
[Round "5.5"]
[White "Szijarto, Andras"]
[Black "Hoflinger, Istvan"]
[Result "1/2-1/2"]
[WhiteElo "2087"]
[BlackElo "1924"]
[PlyCount "114"]
[EventDate "2011.09.25"]
[EventType "team-tourn"]
[EventRounds "11"]
[EventCountry "HUN"]
[SourceTitle "EXT 2013"]
[Source "ChessBase"]
[SourceDate "2012.11.22"]
[SourceVersion "1"]
[SourceVersionDate "2012.11.22"]
[SourceQuality "1"]
[WhiteTeam "Nagyatad"]
[BlackTeam "Dunaujvaros"]
[WhiteTeamCountry "HUN"]
[BlackTeamCountry "HUN"]

1. d4 Nf6 2. Bf4 e6 3. e3 d5 4. Bd3 b6 5. Nd2 Bb7 6. c3 Nbd7 7. Qb1 g6 8. Ngf3 Bg7 9. 0-0 0-0 10. b4 Re8 11. a4 a5 12. Rc1 c6 13. Ne5 Nh5 14. Ndf3 Nxf4 15. exf4 f6 16. Nxd7 Qxd7 17. Qb3 Rab8 18. Re1 Qd6 19. g3 c5 20. Bb5 Re7 21. bxc5 bxc5 22. Qa3 Rc8 23. Rab1 Qc7 24. Re2 c4 25. Reb2 Bf8 26. Qa2 Qd6 27. Nd2 Rcc7 28. Nf3 Bg7 29. Re1 e5 30. fxe5 fxe5 31. Nxe5 Bxe5 32. dxe5 Rxe5 33. Rbe2 Rce7 34. Qd2 Qf6 35. Re3 Kg7 36. R1e2 Rxe3 37. Rxe3 Kg8 38. Qe1 Kf7 39. f4 Qd6 40. Rxe7+ Qxe7 41. Qxe7+ Kxe7 42. Kf2 Kd6 43. Ke3 Kc5 44. Bd7 d4+ 45. cxd4+ Kb4 46. Kd2 c3+ 47. Kc1 Bd5 48. g4 Kc4 49. f5 Kxd4 50. Be6 gxf5 51. gxf5 Ke5 52. Bxd5 Kxd5 53. Kc2 Ke5 54. Kxc3 Kxf5 55. Kc4 Ke6 56. Kb5 Kd5 57. Kxa5 Kc5 1/2-1/2

[Event "HUN-chT2 Asztalos 1112"]
[Site "Hungary"]
[Date "2011.11.13"]
[Round "3.6"]
[White "Misetane Burjan, Anita"]
[Black "Szijarto, Andras"]
[Result "1/2-1/2"]
[WhiteElo "2036"]
[BlackElo "2087"]
[PlyCount "32"]
[EventDate "2011.09.25"]
[EventType "team-tourn"]
[EventRounds "11"]
[EventCountry "HUN"]
[SourceTitle "EXT 2013"]
[Source "ChessBase"]
[SourceDate "2012.11.22"]
[SourceVersion "1"]
[SourceVersionDate "2012.11.22"]
[SourceQuality "1"]
[WhiteTeam "Kaposvar Bastya"]
[BlackTeam "Nagyatad"]
[WhiteTeamCountry "HUN"]
[BlackTeamCountry "HUN"]

1. e4 Nf6 2. Nc3 d5 3. e5 Ne4 4. Nxe4 dxe4 5. d4 exd3 6. Bxd3 c5 7. c3 Nc6 8. Nf3 Bg4 9. h3 Bh5 10. g4 Bg6 11. Bxg6 Qxd1+ 12. Kxd1 hxg6 13. Be3 e6 14. Bg5 Be7 15. Bxe7 Kxe7 16. Kc2 Rad8 1/2-1/2

[Event "HUN-chT2 Asztalos 1011"]
[Site "Hungary"]
[Date "2011.05.01"]
[Round "10.3"]
[White "Tomasic, Dragutin"]
[Black "Szijarto, Andras"]
[Result "1/2-1/2"]
[WhiteElo "2059"]
[BlackElo "2105"]
[PlyCount "80"]
[EventDate "2010.09.12"]
[EventType "team-tourn"]
[EventRounds "11"]
[EventCountry "HUN"]
[SourceTitle "EXT 2012"]
[Source "ChessBase"]
[SourceDate "2011.11.24"]
[SourceVersion "1"]
[SourceVersionDate "2011.11.24"]
[SourceQuality "1"]
[WhiteTeam "Mohacs"]
[BlackTeam "Nagyatad"]
[WhiteTeamCountry "HUN"]
[BlackTeamCountry "HUN"]

1. d4 d5 2. Nf3 Nf6 3. c4 e6 4. Nc3 Be7 5. e3 0-0 6. cxd5 Nxd5 7. Bd3 b6 8. 0-0 Bb7 9. Qe2 c5 10. Rd1 cxd4 11. exd4 Nd7 12. Nxd5 Bxd5 13. Bf4 Nf6 14. Be5 Ng4 15. h3 Nxe5 16. dxe5 Qb8 17. Be4 Bxe4 18. Qxe4 Rd8 19. Rac1 a5 20. Qc6 Bc5 21. Rd7 Qc8 22. Qxc8 Raxc8 23. Rcd1 Rxd7 24. Rxd7 h6 25. a3 Kf8 26. Kf1 Ke8 27. Rd2 Rd8 28. Rc2 Rd5 29. Ke2 Kd7 30. Rc4 b5 31. Rf4 Ke7 32. b4 axb4 33. axb4 Bb6 34. h4 Bc7 35. Re4 h5 36. g3 Bb6 37. g4 g6 38. gxh5 gxh5 39. Ne1 f5 40. exf6+ Kxf6 1/2-1/2